| 000 | 00807nam a2200253Ia 4500 | ||
|---|---|---|---|
| 003 | OSt | ||
| 005 | 20221005092102.0 | ||
| 006 | a|||||r|||| 00| 0 | ||
| 007 | ta | ||
| 008 | 221004b |||||||| |||| 00| 0 eng d | ||
| 020 |
_a9789042028333 (hbk) _c3561.59 |
||
| 024 | _a105365 | ||
| 037 |
_b844, 16/03/2011, Bhagwati Book Seller _cTextual |
||
| 040 |
_aCRL _cCRL _beng |
||
| 041 |
_2eng _aeng |
||
| 082 | _aO111,3N09:g, P9 | ||
| 100 |
_aMercanti Stefano _9616863 |
||
| 245 | 0 |
_aRose and the lotus _b Partnership studies in the works of Raja Rao |
|
| 260 |
_aNew York _bRodopi USA _c2009 |
||
| 300 |
_alvii, 221p. _ccm. |
||
| 650 | _aENGLISH LITERATURE | ||
| 942 |
_hO111,3N09:g, P9 _cTEXL _2cc |
||
| 999 |
_c998306 _d998306 |
||